<The> Impact of EU regional support on growth and employment

Saved in:
Bibliographic Details
Main Author: Dall'erba, Sandy
Other Authors: Le Gallo-Crese, Julie
Format: Book Chapter
Language:English
Subjects:
Tags: Add Tag
No Tags, Be the first to tag this record!

MARC

LEADER 00000naa$a2200000$$$4500
001 0065014
005 20231010111914.8
041 0 |a eng 
044 |a CZ 
245 1 0 |a <The> Impact of EU regional support on growth and employment  |c Sandy Dall'erba, Julie Le Gallo-Crese 
610 2 0 |a Európska únia 
610 2 0 |a podpora podnikania 
610 2 0 |a regióny 
610 2 0 |a fondy štruktúrne 
610 2 0 |a konvergencia 
610 2 0 |a rast hospodársky 
610 2 0 |a zamestnanosť 
100 1 |a Dall'erba, Sandy 
700 1 |a Le Gallo-Crese, Julie